Introduction To Psychology (Record no. 168210)
[ view plain ]
| 000 -LEADER | |
|---|---|
| fixed length control field | 00490nam a22001577a 4500 |
| 005 - DATE AND TIME OF LATEST TRANSACTION | |
| control field | 20211211140918.0 |
| 010 ## - LCCN (DPL NO) | |
| LC control number | B-158840, B-158844 |
| 035 ## - SYSTEM CONTROL NUMBER | |
| System control number | B-158840,B-158844 |
| 100 ## - MAIN ENTRY--PERSONAL NAME | |
| Personal name | Jafar Mahmud |
| 245 ## - TITLE STATEMENT | |
| Title | Introduction To Psychology |
| Statement of responsibility, etc | Jafar Mehmud |
| 260 ## - PUBLICATION, DISTRIBUTION, ETC. (IMPRINT) | |
| Place of publication, distribution, etc | New Delhi |
| Name of publisher, distributor, etc | A.P.H. Publishing Corporation |
| Date of publication, distribution, etc | 2004 |
| 270 ## - ADDRESS | |
| Address | 5, Ansari Road Darya Ganj |
| City | New Delhi |
| Postal code | 110002 |
| Telephone number | 011-23274050 |
| Electronic mail address | aph@mantraonline.com |
| 300 ## - PHYSICAL DESCRIPTION | |
| Extent | 315p. |
| Dimensions | 22c.m. |
| 942 ## - ADDED ENTRY ELEMENTS (KOHA) | |
| Source of classification or shelving scheme | Dewey Decimal Classification |
| Item type | English Books |
| Call number prefix | 150 |
| Call number suffix | JAF |
| Withdrawn status | Lost status | Not for loan | Collection code | Home library | Current library | Date acquired | Full call number | Barcode | Copy number | Koha item type | Cost, normal purchase price | Cost, replacement price |
|---|---|---|---|---|---|---|---|---|---|---|---|---|
| Non-fiction | Kasturba Gandhi Marg | Kasturba Gandhi Marg | 28/09/2019 | JAF | B-158840 | 1 | English Books | |||||
| Non-fiction | New Rohtak Road | New Rohtak Road | 24/03/2021 | JAF | B-158849 | English Books | 695.00 | 695.00 | ||||
| Non-fiction | R.K.Puram-8 | R.K.Puram-8 | 11/12/2021 | JAF | B-158844 | 1 | English Books |
